French 3 Vocabulary (part III) Quiz Stats

 Plays Quiz not verified by Sporcle

Challenge
Share
Tweet
Embed
Score 0/21 Timer 10:00
0 Plays Today
English French % Correct
because ofa cause de
75%
to the right ofa droite de
75%
to the left ofa gauche de
75%
next toa cote de
62.5%
nearpres de
62.5%
in the middle ofau milieu de
56.3%
instead of, in place ofau lieu de
50%
facing, in front ofen face de
50%
far fromloin de
50%
before (in terms of time)avant de
43.8%
thanks tograce a
43.8%
English French % Correct
about, on the subject ofau sujet de
31.3%
aroundautour de
31.3%
underneathau-dessous de
31.3%
above, on top ofau dessus de
31.3%
at the bottom ofau bas de
25%
about, on the subject ofa propos de
18.8%
at the end ofau bout de
18.8%
at the top ofau haut de
18.8%
acrossa travers de
12.5%
as for, regardingquant a
12.5%

You're not logged in!

Compare scores with friends on all Sporcle quizzes.
Join for Free
OR
Log In

You Might Also Like...

Show Comments

Extras

Top Quizzes Today


Score Distribution

Your Account Isn't Verified!

In order to create a playlist on Sporcle, you need to verify the email address you used during registration. Go to your Sporcle Settings to finish the process.

Report this User

Report this user for behavior that violates our Community Guidelines.

Details: